000 00364 a2200133 4500
005 20250425152248.0
020 _a0-538-01980-8
082 _a657.45 RIC
100 _aRICCHIUTE, D. N.
245 _aAuditing : Concepts and Standards.
260 _aChicago,
_bSouth-Western publishing co,
_c1982.
300 _aix, 542p.: Ill.;figures
_bIndex
_c24cm.
942 _2ddc
_cBKS
999 _c1676
_d1676